Novela zákona o konkurzu a vyrovnání.

Nevyhnutnosť právnej úpravy dôsledkov bankrotu pre spoločnosť založenú na trhovom hospodárstve. Novela zákona č. 328/1991 Zb., o konkurze a vyrovnaní. Hlavné zmeny obsiahnuté v novele. Novela zákona o konkurze a vyrovnaní č. 122/1993 Zb. je právnou normou, ktorá reaguje na súčasnú situáciu hromadnej...

Ausführliche Beschreibung

Gespeichert in:
Bibliographische Detailangaben
1. Verfasser: Fišer, Z.
Format: Buchkapitel
Sprache:Tschechisch
Schlagworte:
Tags: Tag hinzufügen
Keine Tags, Fügen Sie das erste Tag hinzu!

MARC

LEADER 00000naa a2200000 4500
001 r013456
005 20221213090035.1
041 0 |a cze 
044 |a SK 
245 1 0 |a Novela zákona o konkurzu a vyrovnání.  |c Z. Fišer 
520 |a Nevyhnutnosť právnej úpravy dôsledkov bankrotu pre spoločnosť založenú na trhovom hospodárstve. Novela zákona č. 328/1991 Zb., o konkurze a vyrovnaní. Hlavné zmeny obsiahnuté v novele. Novela zákona o konkurze a vyrovnaní č. 122/1993 Zb. je právnou normou, ktorá reaguje na súčasnú situáciu hromadnej insolvencie. 
610 2 0 |a zákony 
610 2 0 |a bankrot 
610 2 0 |a konkurzy 
610 2 0 |a insolventnosť 
610 2 0 |a 1993 
610 2 0 |a podnik 
100 1 |a Fišer, Z.